Media and democracy : theories and principles with reference to an African context /

Saved in:
Bibliographic Details
Main Author: Rønning, Helge.
Corporate Author: SAPES Trust.
Format: Book
Language:English
Published: Harare : SAPES Books, 1994.
Series:Seminar paper series ; no. 8.
Subjects:
Tags: Add Tag
No Tags, Be the first to tag this record!
LEADER 01100aam a2200349 a 4500
001 005014687-4
005 20020606095253.2
008 950126s1994 rh b 000 0 eng
010 |a  94982217  
020 |a 1779050151 
035 0 |a ocm31969353 
040 |a DLC  |c DLC 
042 |a lcode 
043 |a f------ 
050 0 0 |a P95.82.A4  |b R66 1994 
100 1 |a Rønning, Helge. 
245 1 0 |a Media and democracy :  |b theories and principles with reference to an African context /  |c Helge Ronning. 
260 |a Harare :  |b SAPES Books,  |c 1994. 
300 |a 20 p. ;  |c 21 cm. 
490 1 |a Seminar paper series ;  |v no. 8 
500 |a "SAPES Trust"--P. [4] of cover. 
504 |a Includes bibliographical references (p. 19-20). 
650 0 |a Mass media  |x Political aspects  |z Africa. 
650 0 |a Democracy. 
650 0 |a Freedom of speech  |z Africa. 
650 0 |a Freedom of information  |z Africa. 
650 0 |a Free enterprise  |z Africa. 
651 0 |a Africa  |x Politics and government  |y 1960- 
710 2 |a SAPES Trust. 
830 0 |a Seminar paper series ;  |v no. 8. 
988 |a 20020608 
906 |0 DLC